| 000 | 01666nam a2200337 c 4500 | ||
|---|---|---|---|
| 003 | BLK | ||
| 005 | 20180422114715.0 | ||
| 008 | 180411b bul|||||r ||||||| ||bul|| | ||
| 010 | _aKNG00183772000 | ||
| 040 | _aBLK | ||
| 041 |
_aBUL _cBUL |
||
| 080 |
_aЛитература на роми (на ромски език) _b821.214.58 _x-93-34 _z821.214.58-93-34 |
||
| 700 | 1 |
_aГрадинаров, Пламен _eподб. _9364334 |
|
| 700 | 1 |
_aКостадинова, Гергана _eпрев. от рус. _9380090 |
|
| 700 | 1 |
_aЛиповска, Анна Христова _eпрев. от рус. _989058 |
|
| 139 |
_aЦигански приказки _bЦ 59 |
||
| 245 | 1 | 0 |
_aЦигански приказки _bВ 4 кн. _cподб. Пламен Градинаров; прев. от рус. Гергана Костадинова; прев. от рус. Анна Христова Липовска. _nКн. 1 _pПриказки на руските цигани |
| 257 | _aSB | ||
| 260 |
_аСофия ; Плевен _bЕвразия-Абагар _c1991 - _fЗа том: Плевен : ДФ Абагар |
||
| 300 | _c29 см | ||
| 380 | _aDX | ||
| 653 | _aприказки | ||
| 653 | _aдетска литература | ||
| 653 | _aлитература за деца | ||
| 760 | 1 |
_d1991 _h68 с. _nПрев. по Сказки и песни, рожденные в дороги : Цыганский фолклор. - 2000 тир. _tКн. 1 Приказки на руските цигани |
|
| 852 | _aЦб ІІ 20982 | ||
| 856 | 4 |
_qpdf _u |
|
| 856 | 4 |
_qpdf _u |
|
| 942 |
_cKNG _n0 |
||
| 944 |
_aCR _c15.10.2015 _kЕлица_Владова |
||
| 944 |
_aED _c16.10.2015 _kГеновева_Генчева |
||
| 999 |
_c175231 _d175231 |
||